000 00469nam a22001697a 4500
005 20251108170756.0
008 250721s2001 xx 000 0 ara d
082 1 4 _a338.47019/صمي
100 1 _aالصميدعي، محمود
245 1 0 _aسلوك المستهلك /
264 1 _aعمان :
_bدار المناهج،
_c2001.
300 _a256ص
650 1 7 _aسلوك المستهلك
700 1 _aيوسف، ردنية
942 _2ddc
_cBK
999 _c48686
_d48686